Score 0/12 Timer 01:00
0 Plays Today
Population Country % Correct
202,656,788Brazil
99.9%
43,024,374Argentina
90.3%
46,245,297Colombia
86.9%
30,147,935Peru
80.9%
28,868,486Venezuela
71.3%
17,363,894Chile
68.7%
15,654,411Ecuador
53.1%
10,631,486Bolivia
46.1%
6,703,860Paraguay
42.7%
3,332,972Uruguay
41.2%
735,554Guyana
36.3%
573,311Suriname
35.7%
Remove Ads.
Support Sporcle.
Get the best of Sporcle when you Go Orange. This ad-free experience offers more features, more stats, and more fun while also helping to support Sporcle. Thank you for becoming a member.

You're not logged in!

Compare scores with friends on all Sporcle quizzes.
OR
Log In

Show Comments

Extras

Top Quizzes Today


Score Distribution

Your Account Isn't Verified!

In order to create a playlist on Sporcle, you need to verify the email address you used during registration. Go to your Sporcle Settings to finish the process.

Report this User

Report this user for behavior that violates our Community Guidelines.

Details: